Statistiques concernant 1 joueur de Foot / 1 pays (n°2)

Cliquez ici pour prendre le quiz!

Statistiques générales

  • Ce quiz a été pris 158 fois
  • Le résultat moyen est 14 sur 26

Statistiques - réponses

JoueursPays% Correct
Mohamed SalahEgypte
99%
Henrikh MkhitaryanArménie
92%
Serge AurierCôte d'Ivoire
89%
Wahbi KhazriTunisie
86%
Andrei YarmolenkoUkraine
86%
Chengdong ZhangChine
85%
Anton TatarusanuRoumanie
76%
Shane LongIrlande
73%
Jose GimenezUruguay
72%
Alexander SöderlundNorvège
70%
Seydou KeitaMali
65%
Oscar CardozoParaguay
58%
Jimmy DurmazSuède
58%
Sardar AzmounIran
50%
Chris WoodNouvelle-Zélande
43%
Kyle LaffertyIrlande du Nord
41%
Alexander HlebBiélorussie
36%
Marius StankeviciusLituanie
35%
Aleksandar TonevBulgarie
28%
Sunil ChhetriInde
26%
Prince OnianguéCongo
22%
Maynor FigueroaHonduras
22%
BastosAngola
17%
Roman TorresPanama
16%
Bernard ParkerAfrique du Sud
12%
Marcelo Moreno MartinsBolivie
12%

Distribution des résultats

Percentile par nombre de réponses

% des personnes avec chaque résultat

Votre développement - résultats

Vous n’avez pas pris ce quiz